<?xml version="1.0" encoding="UTF-8"?><?xml-stylesheet type="text/xsl" href="static/style.xsl"?><OAI-PMH xmlns="http://www.openarchives.org/OAI/2.0/" xmlns:xsi="http://www.w3.org/2001/XMLSchema-instance" xsi:schemaLocation="http://www.openarchives.org/OAI/2.0/ http://www.openarchives.org/OAI/2.0/OAI-PMH.xsd"><responseDate>2026-04-14T04:38:13Z</responseDate><request verb="GetRecord" identifier="oai:www.recercat.cat:10230/71222" metadataPrefix="marc">https://recercat.cat/oai/request</request><GetRecord><record><header><identifier>oai:recercat.cat:10230/71222</identifier><datestamp>2025-09-23T19:40:31Z</datestamp><setSpec>com_2072_6</setSpec><setSpec>col_2072_452954</setSpec></header><metadata><record xmlns="http://www.loc.gov/MARC21/slim" xmlns:dcterms="http://purl.org/dc/terms/" xmlns:xsi="http://www.w3.org/2001/XMLSchema-instance" xmlns:doc="http://www.lyncode.com/xoai" xsi:schemaLocation="http://www.loc.gov/MARC21/slim http://www.loc.gov/standards/marcxml/schema/MARC21slim.xsd">
   <leader>00925njm 22002777a 4500</leader>
   <datafield ind2=" " ind1=" " tag="042">
      <subfield code="a">dc</subfield>
   </datafield>
   <datafield ind2=" " ind1=" " tag="720">
      <subfield code="a">Pujol Ramírez, Inés</subfield>
      <subfield code="e">author</subfield>
   </datafield>
   <datafield ind2=" " ind1=" " tag="260">
      <subfield code="c">2025-09-18T09:44:38Z</subfield>
   </datafield>
   <datafield ind2=" " ind1=" " tag="260">
      <subfield code="c">2025-09-18T09:44:38Z</subfield>
   </datafield>
   <datafield ind2=" " ind1=" " tag="260">
      <subfield code="c">2025-05-30</subfield>
   </datafield>
   <datafield ind2=" " ind1=" " tag="520">
      <subfield code="a">Treball de Fi de Grau en Dret. Curs 2024-2025</subfield>
   </datafield>
   <datafield ind2=" " ind1=" " tag="520">
      <subfield code="a">Tutor: Ivó Coca Vila</subfield>
   </datafield>
   <datafield ind2=" " ind1=" " tag="520">
      <subfield code="a">El presente trabajo aborda las dificultades jurídicas que plantean los casos en que las víctimas de violencia doméstica que no pueden defenderse mientras están siendo agredidas deciden actuar en un momento sin confrontación, por ejemplo, matando al hombre mientras duerme. Este diferimiento temporal pone en duda la actualidad o inminencia de una agresión o peligro futuro y, consecuentemente, la necesidad de la mujer de defenderse, llevando a los tribunales a calificar tal comportamiento de asesinato. En primer lugar, este trabajo delimita el supuesto de hecho mediante un listado de condiciones fácticas de obligada observancia. A continuación, expone las posturas doctrinales y las soluciones jurisprudenciales en cuanto a la aplicación de la legítima defensa, el estado de necesidad (defensivo) y el miedo insuperable. Finalmente, expone el posicionamiento personal de la autora, que emplea un análisis casuístico para concluir la calificación jurídica correcta en cada caso.</subfield>
   </datafield>
   <datafield tag="653" ind2=" " ind1=" ">
      <subfield code="a">Treball de fi de grau – Curs 2024-2025</subfield>
   </datafield>
   <datafield tag="653" ind2=" " ind1=" ">
      <subfield code="a">Dret penal (Espanya)</subfield>
   </datafield>
   <datafield tag="653" ind2=" " ind1=" ">
      <subfield code="a">Violència familiar (Espanya)</subfield>
   </datafield>
   <datafield ind2="0" ind1="0" tag="245">
      <subfield code="a">La indefensión jurídica de las víctimas de violencia doméstica en situaciones sin confrontación directa</subfield>
   </datafield>
</record></metadata></record></GetRecord></OAI-PMH>